00719nam a22001937a 4500999001900000005001700019010001500036020002600051035001400077037000900091082001600100245007200116260004400188270008800232300002700320700002400347942003000371952012400401 c186246d18624620220218151413.0 aENG-131681 a9789383959440c243.00 aEN-115213 bDBAD a338.5024658 aManagerial Economics:bI-BBA/I-Semester/cR. Raj Gopal Naidu et.al. aHyderabadbAmaravati Publicationsc2021 a# 326/C, Level 3, Surneni Nilayam Near B K Guda Park, S R NagarbHyderabade500038 aviii, 280p.c24cm(pbk) aNaidu, R. Raj Gopal 2ddccENh338.5024658mNAI 001040708NFICaLbLd2022-02-18eDBAD/PUBg243.00l0o338.5024658 MANpEN-115213r2022-02-18 00:00:00t1v243.00yEN